[Event "19. Open de la Constitución 2017"]
[Site "San Sebastian de los Reyes ES"]
[Date "2017.12.04"]
[Round "3.1"]
[White "Martin Duque, Jesus"]
[Black "Perez Ordoñez, Jose Ramon"]
[Result "1-0"]
[WhiteElo "2376"]
[BlackElo "2066"]
[PlyCount "71"]
[EventDate "2017.12.02"]
[EventType "swiss"]
[EventRounds "9"]
[EventCountry "ESP"]
[SourceTitle "Ajedrez en Madrid"]
[Source "lmi"]
[SourceDate "2017.12.02"]
[SourceVersion "1"]
[SourceVersionDate "2017.12.16"]
[SourceQuality "1"]

1. e4 c5 2. Nf3 d6 3. d4 cxd4 4. Nxd4 Nf6 5. Nc3 a6 6. h3 e5 7. Nb3 Be6 8. f4
exf4 9. Bxf4 Be7 10. Qe2 O-O 11. O-O-O Qc7 12. g4 Nc6 13. g5 Nd7 14. Kb1 b5 15.
Nd5 Bxd5 16. exd5 Nce5 17. Nd4 Rfe8 18. Qg2 Rac8 19. h4 Bf8 20. h5 Nc5 21. Rh3
Nc4 22. g6 fxg6 23. hxg6 h6 24. Ne6 Nxe6 25. dxe6 Qc5 26. Rd5 Qb4 27. Bc1 Rxe6
28. Qf2 Re7 29. Bg2 Qe1 30. Qf5 Rce8 31. Rdd3 Qe5 32. Bd5+ Kh8 33. Qg4 Qf6 34.
Rhf3 Ne5 35. Rxf6 Nxg4 36. Rxd6 1-0

[Event "19. Open de la Constitución 2017"]
[Site "San Sebastian de los Reyes ES"]
[Date "2017.12.04"]
[Round "3.2"]
[White "Torres Boch, Jose F"]
[Black "Hernando Pertierra, Jose C"]
[Result "0-1"]
[WhiteElo "2143"]
[BlackElo "2355"]
[PlyCount "56"]
[EventDate "2017.12.02"]
[EventType "swiss"]
[EventRounds "9"]
[EventCountry "ESP"]
[SourceTitle "Ajedrez en Madrid"]
[Source "lmi"]
[SourceDate "2017.12.02"]
[SourceVersion "1"]
[SourceVersionDate "2017.12.16"]
[SourceQuality "1"]

1. e4 g6 2. d4 Bg7 3. Nf3 d6 4. Bg5 c5 5. c3 cxd4 6. Nxd4 Nc6 7. Bb5 Bd7 8. O-O
Nf6 9. Nd2 O-O 10. Qe2 Rc8 11. Rfe1 h6 12. Bh4 Nxd4 13. cxd4 Rc2 14. Bc4 g5 15.
Bg3 Rxb2 16. Rad1 Bg4 17. f3 Be6 18. Bxe6 fxe6 19. Qc4 Qc8 20. e5 dxe5 21. dxe5
Nd5 22. Qg4 Nc3 23. h4 Nxd1 24. hxg5 hxg5 25. Ne4 Qc2 26. Qxe6+ Rf7 27. Bf2
Nxf2 28. Nxg5 Qf5 0-1

[Event "19. Open de la Constitución 2017"]
[Site "San Sebastian de los Reyes ES"]
[Date "2017.12.04"]
[Round "3.3"]
[White "Hernandez Ramos, David"]
[Black "Elissalt Cardenas, Hector"]
[Result "0-1"]
[WhiteElo "2054"]
[BlackElo "2339"]
[PlyCount "110"]
[EventDate "2017.12.02"]
[EventType "swiss"]
[EventRounds "9"]
[EventCountry "ESP"]
[SourceTitle "Ajedrez en Madrid"]
[Source "lmi"]
[SourceDate "2017.12.02"]
[SourceVersion "1"]
[SourceVersionDate "2017.12.16"]
[SourceQuality "1"]

1. d4 Nf6 2. c4 e6 3. Nc3 Bb4 4. Bd2 Nc6 5. Nf3 b6 6. e3 Bxc3 7. Bxc3 Ne4 8.
Qc2 Nxc3 9. Qxc3 Qf6 10. Bd3 Bb7 11. a3 O-O 12. Qc2 h6 13. O-O a5 14. Be4 Rfb8
15. Rab1 a4 16. Rfd1 d6 17. Rd2 Ra5 18. Rbd1 g5 19. d5 Ne7 20. dxe6 fxe6 21.
Bxb7 Rxb7 22. Nd4 e5 23. Nb5 Qg6 24. Qc3 Nc6 25. Rf1 Ra8 26. f3 Rf8 27. e4 Na5
28. Qb4 Nb3 29. Rdd1 Nc5 30. Nc3 Ra8 31. Nd5 Qf7 32. Rf2 Kh8 33. Ne3 b5 34. Nd5
bxc4 35. Qxc4 Rab8 36. Rdd2 Kg7 37. Rc2 Qd7 38. h3 Ra7 39. Nb4 Rab7 40. Nd5 Qe6
41. Ne3 Qxc4 42. Nxc4 Kf6 43. Rfd2 Ke6 44. Kh2 Nb3 45. Rf2 Nd4 46. Rcd2 Rb3 47.
Na5 R3b5 48. Nc4 Rc5 49. Ne3 Rcb5 50. Nc4 Rb3 51. Na5 Re3 52. Kg3 Re1 53. Kg4
Rb5 54. Nc4 Rc5 55. Ne3 Rxe3 0-1

[Event "19. Open de la Constitución 2017"]
[Site "San Sebastian de los Reyes ES"]
[Date "2017.12.04"]
[Round "3.4"]
[White "Lianes Garcia, Marcos"]
[Black "Anton Quevedo, Andrea"]
[Result "1-0"]
[WhiteElo "2300"]
[BlackElo "1994"]
[PlyCount "55"]
[EventDate "2017.12.02"]
[EventType "swiss"]
[EventRounds "9"]
[EventCountry "ESP"]
[SourceTitle "Ajedrez en Madrid"]
[Source "lmi"]
[SourceDate "2017.12.02"]
[SourceVersion "1"]
[SourceVersionDate "2017.12.16"]
[SourceQuality "1"]

1. e4 c5 2. g3 e6 3. Bg2 Nc6 4. Ne2 Nf6 5. O-O Be7 6. c3 d5 7. exd5 exd5 8. d4
c4 9. Bg5 O-O 10. Bxf6 Bxf6 11. Nf4 Be6 12. Nxe6 fxe6 13. Na3 Qb6 14. Qe2 Rae8
15. f4 Kh8 16. Kh1 a6 17. Rae1 Re7 18. Nb1 a5 19. Rf3 Qc7 20. Re3 Rfe8 21. Qh5
b5 22. Rxe6 g6 23. Qxd5 Rxe6 24. Rxe6 Qf7 25. Re4 Rxe4 26. Qxf7 Re1+ 27. Bf1
Bxd4 28. Qf8# 1-0

[Event "19. Open de la Constitución 2017"]
[Site "San Sebastian de los Reyes ES"]
[Date "2017.12.04"]
[Round "3.5"]
[White "De Vicente Guijarro, Juan"]
[Black "Quevedo Marin, Manuel"]
[Result "1/2-1/2"]
[WhiteElo "1879"]
[BlackElo "2241"]
[PlyCount "38"]
[EventDate "2017.12.02"]
[EventType "swiss"]
[EventRounds "9"]
[EventCountry "ESP"]
[SourceTitle "Ajedrez en Madrid"]
[Source "lmi"]
[SourceDate "2017.12.02"]
[SourceVersion "1"]
[SourceVersionDate "2017.12.16"]
[SourceQuality "1"]

1. e4 e5 2. Nf3 Nc6 3. Nc3 Nf6 4. d4 exd4 5. Nxd4 Bb4 6. Nxc6 bxc6 7. Bd3 d6 8.
Bg5 h6 9. Bh4 g5 10. Bg3 Bg4 11. f3 Be6 12. Qd2 Nh5 13. Bf2 Qf6 14. a3 Ba5 15.
Ba6 O-O 16. Bd4 Qf4 17. Be3 Qf6 18. Bd4 Qf4 19. Be3 Qf6 1/2-1/2

[Event "19. Open de la Constitución 2017"]
[Site "San Sebastian de los Reyes ES"]
[Date "2017.12.04"]
[Round "3.6"]
[White "Fernandez Garcia, Ignacio"]
[Black "Sosa, Tomas"]
[Result "0-1"]
[WhiteElo "1861"]
[BlackElo "2460"]
[PlyCount "52"]
[EventDate "2017.12.02"]
[EventType "swiss"]
[EventRounds "9"]
[EventCountry "ESP"]
[SourceTitle "Ajedrez en Madrid"]
[Source "lmi"]
[SourceDate "2017.12.02"]
[SourceVersion "1"]
[SourceVersionDate "2017.12.16"]
[SourceQuality "1"]

1. e4 c5 2. Nf3 Nc6 3. Nc3 e6 4. Ne2 Nf6 5. Ng3 h5 6. d3 h4 7. Ne2 h3 8. gxh3
d5 9. e5 Nd7 10. Bf4 Qc7 11. c3 Ndxe5 12. Nxe5 Nxe5 13. Bg2 Bd6 14. Bg3 Bd7 15.
a4 Ng6 16. O-O f5 17. f4 O-O-O 18. d4 Nh4 19. Qe1 Nxg2 20. Kxg2 Rdg8 21. h4 Kb8
22. b4 cxb4 23. cxb4 Qc2 24. b5 Qe4+ 25. Kg1 Rc8 26. Rf2 Rc2 0-1

[Event "19. Open de la Constitución 2017"]
[Site "San Sebastian de los Reyes ES"]
[Date "2017.12.04"]
[Round "3.7"]
[White "Suarez Uriel, Adrian"]
[Black "Bartolome Martin, Angel"]
[Result "1-0"]
[WhiteElo "2402"]
[BlackElo "1936"]
[PlyCount "53"]
[EventDate "2017.12.02"]
[EventType "swiss"]
[EventRounds "9"]
[EventCountry "ESP"]
[SourceTitle "Ajedrez en Madrid"]
[Source "lmi"]
[SourceDate "2017.12.02"]
[SourceVersion "1"]
[SourceVersionDate "2017.12.16"]
[SourceQuality "1"]

1. e4 c5 2. Nf3 d6 3. d4 cxd4 4. Nxd4 Nf6 5. Nc3 a6 6. h3 e6 7. g4 Nfd7 8. Be3
b5 9. Bg2 Bb7 10. a3 Nb6 11. Qe2 N8d7 12. Rd1 Qc7 13. O-O Be7 14. g5 Nc4 15.
Bc1 Nxa3 16. Nd5 exd5 17. bxa3 O-O 18. Nf5 Rfe8 19. Bb2 Bf8 20. Qh5 Ne5 21. f4
Nc4 22. Bf6 dxe4 23. Kh2 Bc8 24. Nh6+ Kh8 25. Nxf7+ Kg8 26. Nh6+ Kh8 27. Qxe8
1-0

[Event "19. Open de la Constitución 2017"]
[Site "San Sebastian de los Reyes ES"]
[Date "2017.12.04"]
[Round "3.8"]
[White "Pastor Alonso De Prado, Alberto"]
[Black "Cabañas Bravo, Juan Andres"]
[Result "1-0"]
[WhiteElo "2166"]
[BlackElo "1910"]
[PlyCount "51"]
[EventDate "2017.12.02"]
[EventType "swiss"]
[EventRounds "9"]
[EventCountry "ESP"]
[SourceTitle "Ajedrez en Madrid"]
[Source "lmi"]
[SourceDate "2017.12.02"]
[SourceVersion "1"]
[SourceVersionDate "2017.12.16"]
[SourceQuality "1"]

1. e4 e5 2. f4 exf4 3. Nf3 Be7 4. Bc4 Bh4+ 5. Kf1 d5 6. exd5 Be7 7. d4 Bd6 8.
Nc3 Ne7 9. Ne5 Ng6 10. Qh5 O-O 11. Bd3 Qf6 12. Ne4 Qf5 13. Ng5 Qxg5 14. Qxg5 f6
15. Qh5 fxe5 16. dxe5 Bc5 17. Bd2 c6 18. c4 cxd5 19. cxd5 Nd7 20. Bc3 Nb6 21.
e6 Na4 22. Be5 f3 23. Bxg6 fxg2+ 24. Kxg2 Rf2+ 25. Kg3 h6 26. Rhf1 1-0

[Event "19. Open de la Constitución 2017"]
[Site "San Sebastian de los Reyes ES"]
[Date "2017.12.04"]
[Round "3.9"]
[White "Gonzalez Berrendero, Carlos"]
[Black "Lozano Suarez, Luis Miguel"]
[Result "1/2-1/2"]
[WhiteElo "1854"]
[BlackElo "2163"]
[PlyCount "130"]
[EventDate "2017.12.02"]
[EventType "swiss"]
[EventRounds "9"]
[EventCountry "ESP"]
[SourceTitle "Ajedrez en Madrid"]
[Source "lmi"]
[SourceDate "2017.12.02"]
[SourceVersion "1"]
[SourceVersionDate "2017.12.16"]
[SourceQuality "1"]

1. d4 Nf6 2. c4 c5 3. d5 e6 4. Nc3 exd5 5. cxd5 d6 6. Nf3 g6 7. e4 a6 8. a4 Bg4
9. Be2 Bg7 10. O-O Bxf3 11. Bxf3 O-O 12. Bg5 Nbd7 13. g3 h6 14. Be3 Rb8 15. Bg2
Re8 16. a5 b5 17. axb6 Rxb6 18. Qe2 Qb8 19. Rfb1 Qb7 20. f4 Rb3 21. Qxa6 Qxa6
22. Rxa6 Ng4 23. Bd2 Bd4+ 24. Kf1 Nxh2+ 25. Ke2 Nb6 26. Kd3 Rb8 27. Ra3 Nd7 28.
Rxb3 Rxb3 29. Kc2 Rb8 30. Ne2 Bg7 31. Bc3 Ng4 32. Bh3 h5 33. Ra1 Ndf6 34. Bxg4
hxg4 35. Kd3 Re8 36. Ra4 Re7 37. Rc4 Nd7 38. Bxg7 Kxg7 39. Ra4 Nf6 40. Nc3 Nh5
41. Nb5 Rd7 42. Ra6 Nxg3 43. Nxd6 Nh5 44. Ke3 Nf6 45. Nc4 g3 46. Ra1 Re7 47.
Nd2 Nxd5+ 48. Kf3 Nf6 49. Rg1 Nh5 50. Nf1 Rb7 51. Rg2 Rb3+ 52. Ne3 Kf8 53. f5
Ke7 54. fxg6 fxg6 55. Rd2 Ke6 56. Rc2 Kd6 57. Rd2+ Kc6 58. e5 Ng7 59. Rd6+ Kc7
60. Rxg6 Nf5 61. Ke4 Nxe3 62. Rxg3 Rxb2 63. Rxe3 Kd7 64. Kd5 Rc2 65. Rh3 Rd2+
1/2-1/2

[Event "19. Open de la Constitución 2017"]
[Site "San Sebastian de los Reyes ES"]
[Date "2017.12.04"]
[Round "3.10"]
[White "Robles Diaz, Jose Alberto"]
[Black "Tarrio Ocaña, Jose Manuel"]
[Result "0-1"]
[WhiteElo "2136"]
[BlackElo "1866"]
[PlyCount "120"]
[EventDate "2017.12.02"]
[EventType "swiss"]
[EventRounds "9"]
[EventCountry "ESP"]
[SourceTitle "Ajedrez en Madrid"]
[Source "lmi"]
[SourceDate "2017.12.02"]
[SourceVersion "1"]
[SourceVersionDate "2017.12.16"]
[SourceQuality "1"]

1. Nf3 e6 2. g3 d5 3. Bg2 Nf6 4. O-O c5 5. c4 Nc6 6. d4 Be7 7. cxd5 Nxd5 8.
dxc5 O-O 9. Nbd2 Bxc5 10. Ne4 Be7 11. Bd2 Qb6 12. Qb1 h6 13. Nc3 Bf6 14. Qc2
Nxc3 15. Bxc3 Bxc3 16. Qxc3 Bd7 17. Rfd1 Rfd8 18. Nd4 Nxd4 19. Qxd4 Qxd4 20.
Rxd4 Bc6 21. Rad1 Rxd4 22. Rxd4 Bxg2 23. Kxg2 Rc8 24. Rd7 Rc2 25. Rxb7 Rxe2 26.
Kf3 Rc2 27. h4 h5 28. Ke3 g6 29. f3 a5 30. Kf4 a4 31. Ke5 Kg7 32. Ke4 a3 33.
bxa3 Rxa2 34. Rb3 Rd2 35. Rd3 f5+ 36. Kd4 Ra2 37. Ke5 Re2+ 38. Kd6 e5 39. Ke6
e4 40. Rd7+ Kh6 41. fxe4 Rxe4+ 42. Kf6 Ra4 43. Rd3 f4 44. Rf3 fxg3 45. Rxg3
Rf4+ 46. Ke5 Rxh4 47. Rb3 Rh1 48. a4 Ra1 49. Rb4 Kg5 50. Kd4 h4 51. Ke3 h3 52.
Rb2 Rxa4 53. Kf3 Ra3+ 54. Kf2 Kh5 55. Kg1 g5 56. Kh2 Kh4 57. Rb4+ g4 58. Rb1
Rf3 59. Rb8 g3+ 60. Kg1 h2+ 0-1

[Event "19. Open de la Constitución 2017"]
[Site "San Sebastian de los Reyes ES"]
[Date "2017.12.04"]
[Round "3.11"]
[White "Cardenas Serrano, Sergio"]
[Black "Alonso Garuti, Luis E"]
[Result "1-0"]
[WhiteElo "2123"]
[BlackElo "1816"]
[PlyCount "59"]
[EventDate "2017.12.02"]
[EventType "swiss"]
[EventRounds "9"]
[EventCountry "ESP"]
[SourceTitle "Ajedrez en Madrid"]
[Source "lmi"]
[SourceDate "2017.12.02"]
[SourceVersion "1"]
[SourceVersionDate "2017.12.16"]
[SourceQuality "1"]

1. e4 c5 2. Nc3 Nc6 3. f4 g6 4. Nf3 d6 5. Bb5 Bg7 6. O-O e6 7. Bxc6+ bxc6 8. d3
Rb8 9. e5 d5 10. Na4 Ne7 11. Nxc5 h5 12. d4 Nf5 13. Qd3 Bf8 14. c3 a5 15. Na4
Qc7 16. a3 Qa7 17. Re1 Ba6 18. Qd1 Bc4 19. b4 axb4 20. cxb4 Be7 21. Be3 O-O 22.
Bf2 Ra8 23. Nc5 Bxc5 24. dxc5 Bb5 25. h3 Ba4 26. Qd2 Qc7 27. g4 Ng7 28. Bh4
Rfb8 29. Bf6 hxg4 30. hxg4 1-0

[Event "19. Open de la Constitución 2017"]
[Site "San Sebastian de los Reyes ES"]
[Date "2017.12.04"]
[Round "3.12"]
[White "Lozano Freras, Sergio"]
[Black "Minguela Muñoz, Bienvenido"]
[Result "1-0"]
[WhiteElo "1972"]
[BlackElo "1813"]
[PlyCount "91"]
[EventDate "2017.12.02"]
[EventType "swiss"]
[EventRounds "9"]
[EventCountry "ESP"]
[SourceTitle "Ajedrez en Madrid"]
[Source "lmi"]
[SourceDate "2017.12.02"]
[SourceVersion "1"]
[SourceVersionDate "2017.12.16"]
[SourceQuality "1"]

1. e4 c5 2. Nf3 Nc6 3. Nc3 e6 4. d4 cxd4 5. Nxd4 Qb6 6. Ndb5 a6 7. Be3 Qa5 8.
Nd6+ Bxd6 9. Qxd6 Nf6 10. Bd3 Qb4 11. Qxb4 Nxb4 12. Bc5 Nxd3+ 13. cxd3 d5 14.
exd5 exd5 15. O-O Be6 16. a4 Nd7 17. Bd6 Rc8 18. Rfe1 Kd8 19. Rac1 Rc6 20. Ba3
Nc5 21. Bxc5 Rxc5 22. b4 Rc6 23. b5 axb5 24. Nxb5 Kd7 25. Rb1 Ra8 26. Nd4 Rc7
27. Rb4 Ra5 28. Reb1 Kc8 29. Nxe6 fxe6 30. Kf1 Rac5 31. R1b2 Rc3 32. Ke2 Rc2+
33. Ke3 Rxb2 34. Rxb2 Kd7 35. Kd4 Kc8 36. f4 Rc6 37. g4 Ra6 38. Rb4 Kc7 39. Ke5
Rc6 40. h4 Rb6 41. Rxb6 Kxb6 42. Kxe6 Ka5 43. f5 Kxa4 44. g5 b5 45. f6 gxf6 46.
gxf6 1-0

[Event "19. Open de la Constitución 2017"]
[Site "San Sebastian de los Reyes ES"]
[Date "2017.12.04"]
[Round "3.13"]
[White "Moreno Uribarri, Miguel"]
[Black "Alfaya Marcelo, Roberto"]
[Result "0-1"]
[WhiteElo "1582"]
[BlackElo "2193"]
[PlyCount "68"]
[EventDate "2017.12.02"]
[EventType "swiss"]
[EventRounds "9"]
[EventCountry "ESP"]
[SourceTitle "Ajedrez en Madrid"]
[Source "lmi"]
[SourceDate "2017.12.02"]
[SourceVersion "1"]
[SourceVersionDate "2017.12.16"]
[SourceQuality "1"]

1. e4 c5 2. Nf3 d6 3. d4 cxd4 4. Nxd4 Nf6 5. Nc3 g6 6. Be3 Bg7 7. f3 O-O 8. Qd2
Nc6 9. Bc4 Bd7 10. O-O-O Rc8 11. Bb3 Nxd4 12. Bxd4 b5 13. Bxa7 b4 14. Nd5 Nxd5
15. exd5 Qa5 16. Bd4 Bxd4 17. Qxd4 Ba4 18. Qd3 Rc5 19. Bxa4 Qxa4 20. Qb3 Qd7
21. Qxb4 Qa7 22. a4 Rfc8 23. c3 Rc4 24. Qb3 Rxa4 25. Kd2 Rb8 26. Qc2 Ra2 27.
Rb1 Qc5 28. c4 Qd4+ 29. Kc1 Rb4 30. Qd2 Rxc4+ 31. Kd1 Qc5 32. Rc1 Rxc1+ 33.
Qxc1 Qxc1+ 34. Kxc1 Ra1+ 0-1

[Event "19. Open de la Constitución 2017"]
[Site "San Sebastian de los Reyes ES"]
[Date "2017.12.04"]
[Round "3.14"]
[White "Nuevo Benitez, Miguel Angel"]
[Black "Rodrigo Yanguas, Maria"]
[Result "0-1"]
[WhiteElo "1571"]
[BlackElo "2071"]
[PlyCount "92"]
[EventDate "2017.12.02"]
[EventType "swiss"]
[EventRounds "9"]
[EventCountry "ESP"]
[SourceTitle "Ajedrez en Madrid"]
[Source "lmi"]
[SourceDate "2017.12.02"]
[SourceVersion "1"]
[SourceVersionDate "2017.12.16"]
[SourceQuality "1"]

1. f4 d5 2. Nf3 Nf6 3. e3 g6 4. b3 Bg7 5. Bb2 O-O 6. Ne5 Ng4 7. Qf3 Nxe5 8.
fxe5 Nc6 9. d4 f6 10. exf6 Bxf6 11. Qg3 e5 12. h4 exd4 13. Na3 Be5 14. Qg5 Qxg5
15. hxg5 Bg3+ 16. Kd1 Bg4+ 17. Be2 Bxe2+ 18. Kxe2 Rae8 19. Raf1 Rxf1 20. Rxf1
Rxe3+ 21. Kd2 Re4 22. Rf3 Bf4+ 23. Kd1 Ne5 24. Rf1 Ng4 25. Bc1 Ne3+ 26. Bxe3
dxe3 27. Ke2 a6 28. c4 Rd4 29. Rd1 Rxd1 30. Kxd1 d4 31. Ke2 Bxg5 32. Nc2 Bf6
33. Ne1 Kf7 34. Nd3 Be7 35. Kf3 Ke6 36. g4 b5 37. Nf4+ Kd6 38. Ke4 Kc6 39. Kxd4
bxc4 40. bxc4 Bg5 41. Ne2 h5 42. gxh5 gxh5 43. Ng1 h4 44. Kd3 Bh6 45. Nf3 h3
46. Ne5+ Kc5 0-1

[Event "19. Open de la Constitución 2017"]
[Site "San Sebastian de los Reyes ES"]
[Date "2017.12.04"]
[Round "3.15"]
[White "Villodre Miranda, Juan Alonso"]
[Black "Garcia Prados, David"]
[Result "0-1"]
[WhiteElo "1552"]
[BlackElo "1953"]
[PlyCount "124"]
[EventDate "2017.12.02"]
[EventType "swiss"]
[EventRounds "9"]
[EventCountry "ESP"]
[SourceTitle "Ajedrez en Madrid"]
[Source "lmi"]
[SourceDate "2017.12.02"]
[SourceVersion "1"]
[SourceVersionDate "2017.12.16"]
[SourceQuality "1"]

1. c4 b6 2. e4 Bb7 3. d3 e6 4. Nc3 d6 5. g3 Nf6 6. Bg2 Be7 7. Nge2 Nbd7 8. O-O
Qc8 9. h3 O-O 10. f4 a5 11. b3 Nc5 12. Qc2 Nfd7 13. d4 Na6 14. a3 c5 15. d5 Nc7
16. a4 exd5 17. Nxd5 Nxd5 18. exd5 Bf6 19. Bb2 Re8 20. Bxf6 Nxf6 21. Rae1 Re7
22. Nc3 Qe8 23. Qd2 Rxe1 24. Rxe1 Qd7 25. Ne4 Nxe4 26. Rxe4 Re8 27. Qe2 Kf8 28.
Rxe8+ Qxe8 29. Qxe8+ Kxe8 30. Be4 Bc8 31. Kg2 Ke7 32. g4 g6 33. Kg3 Kf6 34. g5+
Kg7 35. h4 h5 36. gxh6+ Kxh6 37. Bc2 f6 38. Bd3 Bd7 39. Bc2 Be8 40. Bd3 g5 41.
hxg5+ fxg5 42. fxg5+ Kxg5 43. Bc2 Bh5 44. Kf2 Kf4 45. Ke1 Ke3 46. Bf5 Be2 47.
Bc2 Bd3 48. Kd1 Bxc2+ 49. Kxc2 Ke2 50. Kc3 Kd1 51. Kd3 Kc1 52. Ke4 Kc2 53. Kf5
Kxb3 54. Ke6 Kxc4 55. Kxd6 Kb4 56. Ke6 c4 57. d6 c3 58. d7 c2 59. d8=Q c1=Q 60.
Qxb6+ Kxa4 61. Kd5 Qd2+ 62. Kc4 Qb4+ 0-1

[Event "19. Open de la Constitución 2017"]
[Site "San Sebastian de los Reyes ES"]
[Date "2017.12.04"]
[Round "3.16"]
[White "Vazquez Gonzalez, Jesus"]
[Black "Osuna Osuna, Francisco"]
[Result "1-0"]
[WhiteElo "1943"]
[BlackElo "1565"]
[PlyCount "61"]
[EventDate "2017.12.02"]
[EventType "swiss"]
[EventRounds "9"]
[EventCountry "ESP"]
[SourceTitle "Ajedrez en Madrid"]
[Source "lmi"]
[SourceDate "2017.12.02"]
[SourceVersion "1"]
[SourceVersionDate "2017.12.16"]
[SourceQuality "1"]

1. e4 d5 2. exd5 Qxd5 3. Nc3 Qa5 4. d4 Nf6 5. Nf3 Bf5 6. Bc4 e6 7. Bd2 c6 8.
Qe2 Qc7 9. Bg5 Be7 10. Nh4 O-O 11. Nxf5 exf5 12. O-O-O Ne4 13. Nxe4 fxe4 14.
Bd2 b5 15. Bb3 a5 16. a3 a4 17. Ba2 Na6 18. c3 Rfe8 19. Rhe1 Kf8 20. Qh5 Bxa3
21. bxa3 c5 22. Qxh7 c4 23. Qh8+ Ke7 24. Rxe4+ Kd7 25. Rxe8 Rxe8 26. Qxg7 Qd6
27. Qxf7+ Re7 28. Qf5+ Kd8 29. Bg5 Qxa3+ 30. Kb1 Nb4 31. Qf8+ 1-0

[Event "19. Open de la Constitución 2017"]
[Site "San Sebastian de los Reyes ES"]
[Date "2017.12.04"]
[Round "3.17"]
[White "Vazquez Gonzalez, Francisco"]
[Black "Gonzalez Garcia, Luis"]
[Result "1-0"]
[WhiteElo "1931"]
[BlackElo "1551"]
[PlyCount "47"]
[EventDate "2017.12.02"]
[EventType "swiss"]
[EventRounds "9"]
[EventCountry "ESP"]
[SourceTitle "Ajedrez en Madrid"]
[Source "lmi"]
[SourceDate "2017.12.02"]
[SourceVersion "1"]
[SourceVersionDate "2017.12.16"]
[SourceQuality "1"]

1. e4 d6 2. d4 Nf6 3. Nc3 Nbd7 4. Nf3 e5 5. Bc4 Be7 6. O-O h6 7. h3 c6 8. a4
Qc7 9. Ba2 g5 10. Nh2 Rg8 11. Be3 Nf8 12. f3 Ng6 13. Ng4 Nxg4 14. fxg4 Nf4 15.
g3 Ne6 16. d5 cxd5 17. Nxd5 Qd8 18. Qf3 Rg7 19. Rad1 a6 20. Bb6 Qd7 21. Bb3 Qc6
22. a5 Nd4 23. Rxd4 exd4 24. Nc7+ 1-0

[Event "19. Open de la Constitución 2017"]
[Site "San Sebastian de los Reyes ES"]
[Date "2017.12.04"]
[Round "3.18"]
[White "Camarero Izquierdo, Juan Carlos"]
[Black "Karunanithi, Bharath"]
[Result "1-0"]
[WhiteElo "1852"]
[BlackElo "1550"]
[PlyCount "103"]
[EventDate "2017.12.02"]
[EventType "swiss"]
[EventRounds "9"]
[EventCountry "ESP"]
[SourceTitle "Ajedrez en Madrid"]
[Source "lmi"]
[SourceDate "2017.12.02"]
[SourceVersion "1"]
[SourceVersionDate "2017.12.16"]
[SourceQuality "1"]

1. d4 Nf6 2. Nc3 d5 3. Bg5 Nbd7 4. f3 c6 5. Qd3 e5 6. e3 Be7 7. O-O-O Qc7 8. h4
a6 9. g4 b5 10. Bxf6 Bxf6 11. g5 Be7 12. Bh3 exd4 13. exd4 Bb7 14. Kb1 O-O-O
15. Qf5 f6 16. g6 hxg6 17. Qxg6 Rhg8 18. Be6 Rh8 19. Qxg7 Qd6 20. Qg4 Kc7 21.
Bxd7 Qxd7 22. Qf4+ Kc8 23. Nge2 Qe8 24. h5 c5 25. h6 b4 26. dxc5 bxc3 27. Nxc3
Qf7 28. Na4 Bc6 29. Nb6+ Kb7 30. Qb4 Ka7 31. Rd3 Qf8 32. Nc8+ Rxc8 33. Qb6+ Ka8
34. Qxa6+ Kb8 35. Qb6+ Bb7 36. Rb3 Rc7 37. c6 Qc8 38. cxb7 Rxb7 39. Qe3 Rxb3
40. Qxb3+ Qb7 41. Qd3 Qb6 42. h7 Qe6 43. Qg6 Bf8 44. a3 Kc8 45. Rg1 Qe5 46. f4
Qxf4 47. Qg8 Qh2 48. Rg3 d4 49. Qxh8 Qh1+ 50. Ka2 Qd5+ 51. b3 Qc5 52. Qxf8+ 1-0

[Event "19. Open de la Constitución 2017"]
[Site "San Sebastian de los Reyes ES"]
[Date "2017.12.04"]
[Round "3.19"]
[White "Braziunaite, Rasa"]
[Black "Rodriguez Valdeavaro, Julio C"]
[Result "1-0"]
[WhiteElo "1517"]
[BlackElo "1847"]
[PlyCount "96"]
[EventDate "2017.12.02"]
[EventType "swiss"]
[EventRounds "9"]
[EventCountry "ESP"]
[SourceTitle "Ajedrez en Madrid"]
[Source "lmi"]
[SourceDate "2017.12.02"]
[SourceVersion "1"]
[SourceVersionDate "2017.12.16"]
[SourceQuality "1"]

1. b3 Nf6 2. Bb2 d5 3. e3 e6 4. Nf3 Be7 5. c4 O-O 6. Be2 b6 7. O-O Bb7 8. Nc3
Nbd7 9. Qc2 c5 10. d4 cxd4 11. Nxd4 Rc8 12. a3 Qc7 13. h3 a6 14. Rac1 dxc4 15.
Bxc4 b5 16. Bd3 Qb6 17. Qb1 Nc5 18. Bc2 g6 19. b4 Ncd7 20. Ne4 e5 21. Nf3 Nxe4
22. Bxe4 Bf6 23. Bxb7 Qxb7 24. Rxc8 Rxc8 25. Rd1 Re8 26. Rd2 Nb6 27. Rc2 Nc4
28. Nd2 Qd5 29. Nxc4 bxc4 30. Qc1 Rc8 31. f4 Bg7 32. fxe5 Bxe5 33. Bxe5 Qxe5
34. Rc3 Qe4 35. Kh1 f5 36. a4 Qc6 37. Qd1 Rb8 38. Qd4 Rxb4 39. Qd8+ Kf7 40. Rc1
Rxa4 41. Qh8 Ra2 42. Qxh7+ Kf6 43. Qh4+ Kf7 44. Qh7+ Kf8 45. Qh8+ Ke7 46. Qg7+
Ke8 47. Qg8+ Ke7 48. Qg7+ Ke8 1-0

[Event "19. Open de la Constitución 2017"]
[Site "San Sebastian de los Reyes ES"]
[Date "2017.12.04"]
[Round "3.20"]
[White "Aragon Lopez, Hiria"]
[Black "Chidichimo, Pedro Jose Maria"]
[Result "1-0"]
[WhiteElo "1488"]
[BlackElo "1791"]
[PlyCount "81"]
[EventDate "2017.12.02"]
[EventType "swiss"]
[EventRounds "9"]
[EventCountry "ESP"]
[SourceTitle "Ajedrez en Madrid"]
[Source "lmi"]
[SourceDate "2017.12.02"]
[SourceVersion "1"]
[SourceVersionDate "2017.12.16"]
[SourceQuality "1"]

1. e4 d6 2. Nf3 Nf6 3. Nc3 e5 4. Bc4 Be7 5. O-O h6 6. h3 Nbd7 7. d4 c6 8. Nh4
b5 9. Bb3 b4 10. Nb1 g6 11. Re1 Nh5 12. Nf5 Nf4 13. Bxf4 exf4 14. Nxe7 Qxe7 15.
Qd2 c5 16. Qxf4 Nb6 17. Nd2 g5 18. Qf3 O-O 19. e5 Bb7 20. Qh5 Kg7 21. e6 Bd5
22. Bxd5 Nxd5 23. exf7 Qxf7 24. Qxf7+ Rxf7 25. Ne4 Rd8 26. dxc5 dxc5 27. Nxc5
Rc8 28. Ne6+ Kf6 29. Nd4 Nf4 30. Rac1 Rc4 31. Ne2 Ne6 32. c3 bxc3 33. Nxc3 Rd4
34. Ne4+ Kg6 35. Rc6 Re7 36. Nc5 Rc4 37. Rcxe6+ Rxe6 38. Rxe6+ Kf5 39. Rc6 Rc1+
40. Kh2 Rc2 41. g4+ 1-0